Recuerdos de la muy noble, muy leal y muy humanitaria Villa de Muros / (Record no. 25973)

MARC details
000 -LEADER
campo de control de longitud fija 00635nam a2200181 i 4500
001 - NÚMERO DE CONTROL
campo de control 25973
003 - IDENTIFICADOR DE NÚMERO DE CONTROL
campo de control ES-MaACL
005 - FECHA Y HORA DE LA ÚLTIMA TRANSACCIÓN
campo de control 20230906153350.0
007 - CAMPO FIJO DE DESCRIPCIÓN FÍSICA--INFORMACIÓN GENERAL
campo de control de longitud fija t|
008 - DATOS DE LONGITUD FIJA--INFORMACIÓN GENERAL
campo de control de longitud fija 030107s1908 sp ||||1| spa d
100 1# - ENTRADA PRINCIPAL--NOMBRE DE PERSONA
Nombre de persona Artaza Malvarez, Ramón de.
9 (RLIN) 23429
245 10 - MENCIÓN DEL TÍTULO
Título Recuerdos de la muy noble, muy leal y muy humanitaria Villa de Muros /
Mención de responsabilidad, etc. por Ramón de Artaza Malvarez ; prólogo de Manuel Murgía ; epílogo de Plácido Angel Rey.
260 ## - PUBLICACIÓN, DISTRIBUCIÓN, ETC.
Lugar de publicación, distribución, etc. Santiago :
Nombre del editor, distribuidor, etc. Tel Eco de Santiago,
Fecha de publicación, distribución, etc. 1908.
300 ## - DESCRIPCIÓN FÍSICA
Extensión 307 p. ;
Dimensiones 22 cm.
700 1# - ENTRADA AGREGADA--NOMBRE PERSONAL
Nombre de persona Rey, Plácido Ángel.
9 (RLIN) 96511
700 1# - ENTRADA AGREGADA--NOMBRE PERSONAL
Nombre de persona Murguía, Manuel.
9 (RLIN) 84577
852 ## - LOCALIZACIÓN
Ubicación ES-MaACL
Número de control de estantería F-2441
Holdings
Estatus retirado Estado de pérdida Estado de daño No para préstamo Biblioteca de origen Biblioteca actual Ubicación en estantería Fecha de adquisición Fuente de adquisición Total de préstamos Signatura topográfica completa Código de barras Visto por última vez Precio de reemplazo Tipo de ítem Koha
        Biblioteca del Ateneo de Madrid Biblioteca del Ateneo de Madrid Depósito 2 17/01/2008     F-2441 1026798 23/02/2023 23/02/2023 Libro impreso